[Event "AUTO-ELITE-1380"]
[Site "http://www.queenalice.com/game.php?id=1304389"]
[Date "2014.8.27"]
[Round "1"]
[White "churrasca"]
[Black "biscuter"]
[Result "0-1"]
[WhiteElo "2137"]
[BlackElo "2590"]

1. e4 c5 2. Nf3 d6 3. d4 cxd4 4. Nxd4 Nf6 5. Nc3 Nc6 6. Be2 e5 7. Nxc6 bxc6 8.
O-O Be7 9. Qd3 O-O 10. Qg3 Be6 11. b3 Qc7 12. f4 Kh8 13. Kh1 exf4 14. Qxf4 Nd7
15. Bb2 Bf6 16. Nd1 Bxb2 17. Nxb2 Ne5 18. Nd3 f6 19. Rad1 Rad8 20. Qe3 Qa5 21.
Qd2 Qb6 22. c3 Rfe8 23. Nxe5 dxe5 24. Qc2 a5 25. h3 c5 26. Rxd8 Rxd8 27. Rd1 Rc8
28. Rb1 Rb8 29. Rd1 Kg8 30. Qd2 Kf7 31. Bh5+ Ke7 32. Be2 Rd8 33. Qc2 Rxd1+ 34.
Qxd1 Qc6 35. Qd2 Qxe4 36. Bb5 Qf4 37. Qxf4 exf4 38. Bd3 h6 0-1

[Event "AUTO-MASTER-2174"]
[Site "http://www.queenalice.com/game.php?id=1315867"]
[Date "2014.10.17"]
[Round "1"]
[White "churrasca"]
[Black "Gosiulkaa"]
[Result "0-1"]
[WhiteElo "2185"]
[BlackElo "1935"]

1. e4 e5 2. Nf3 Nc6 3. Bb5 d6 4. O-O Bd7 5. d4 exd4 6. Nxd4 Nxd4 7. Bxd7+ Qxd7
8. Qxd4 Nf6 9. Nc3 Be7 10. Rd1 Qe6 11. Nd5 Nxd5 12. exd5 Qg6 13. Re1 Kd7 14.
Qa4+ c6 15. dxc6+ bxc6 16. Bf4 Rhb8 17. Rad1 Rxb2 18. Rxe7+ Kxe7 19. Qxc6 Rd8
20. Qc7+ Rd7 21. Re1+ Qe6 22. Rxe6+ Kxe6 23. Qc4+ Ke7 24. h3 h6 25. Be3 Rbb7 0-1

[Event "AUTO-MASTER-2174"]
[Site "http://www.queenalice.com/game.php?id=1315868"]
[Date "2014.10.17"]
[Round "1"]
[White "Gosiulkaa"]
[Black "churrasca"]
[Result "1-0"]
[WhiteElo "1961"]
[BlackElo "2165"]

1. e4 c5 2. Nf3 d6 3. d4 cxd4 4. Nxd4 Nf6 5. Nc3 g6 6. Bd3 Bg7 7. Bg5 O-O 8. Qe2
Nc6 9. Nxc6 bxc6 10. O-O Rb8 11. Rab1 Qa5 12. Bd2 Nd7 13. f4 Qb6+ 14. Be3 Bd4
15. Bxd4 Qxd4+ 16. Kh1 Nc5 17. f5 a5 18. fxg6 hxg6 19. Rbd1 Rxb2 20. Nb1 d5 21.
c3 Rxe2 22. Bxe2 Qxe4 23. Bf3 Qc2 24. Rd2 Qa4 25. h3 Ne4 26. Bxe4 1-0

[Event "AUTO-MASTER-2174"]
[Site "http://www.queenalice.com/game.php?id=1315869"]
[Date "2014.10.17"]
[Round "1"]
[White "churrasca"]
[Black "andrevillares"]
[Result "0-1"]
[WhiteElo "2118"]
[BlackElo "1970"]

1. e4 c6 2. d4 d5 3. exd5 cxd5 4. c4 Nf6 5. Nc3 Bf5 6. Nf3 e6 7. Qb3 Qc7 8. Nb5
Qc6 9. Ne5 Qc8 10. Bf4 dxc4 11. Qa4 Nc6 12. Nc3 Be7 13. Bxc4 O-O 14. O-O Nxd4
0-1

[Event "AUTO-MASTER-2174"]
[Site "http://www.queenalice.com/game.php?id=1315870"]
[Date "2014.10.17"]
[Round "1"]
[White "andrevillares"]
[Black "churrasca"]
[Result "1-0"]
[WhiteElo "1946"]
[BlackElo "2136"]

1. d4 Nf6 2. c4 g6 3. Nc3 Bg7 4. e4 d6 5. Nf3 O-O 6. Be2 Nbd7 7. O-O e5 8. Bg5
h6 9. Bxf6 Nxf6 10. Rc1 exd4 11. Nxd4 Qe7 12. Bf3 Qe5 13. Re1 Bd7 14. Ndb5 c6
15. Qxd6 1-0

[Event "AUTO-OPEN-3617"]
[Site "http://www.queenalice.com/game.php?id=1410698"]
[Date "2016.2.23"]
[Round "1"]
[White "churrasca"]
[Black "SportRecife"]
[Result "0-1"]
[WhiteElo "2036"]
[BlackElo "2148"]

1. e4 e5 2. Nf3 Nc6 3. Bb5 a6 4. Ba4 Bc5 5. O-O d6 6. c3 b5 7. Bb3 Nf6 8. d4
exd4 9. cxd4 Bb6 10. Nc3 O-O 11. Bg5 Bg4 12. h3 Bxf3 13. Qxf3 Bxd4 14. Nd5 h6
15. Nxf6+ Bxf6 16. Bxf6 gxf6 17. Qe3 Kh7 18. Bd5 Ne5 19. Bxa8 Qxa8 20. Rac1 Qb7
21. f4 Nc4 22. Qe2 Re8 23. Rfe1 d5 24. e5 fxe5 25. fxe5 d4 26. Qe4+ Qxe4 27.
Rxe4 d3 28. b3 Nxe5 29. Kf2 c6 30. Rxc6 d2 0-1

[Event "AUTO-OPEN-3617"]
[Site "http://www.queenalice.com/game.php?id=1410699"]
[Date "2016.2.23"]
[Round "1"]
[White "SportRecife"]
[Black "churrasca"]
[Result "1-0"]
[WhiteElo "2157"]
[BlackElo "2024"]

1. e4 c5 2. Nf3 d6 3. Bc4 e6 4. Nc3 Nf6 5. d3 Nc6 6. O-O a6 7. a4 Be7 8. Bd2 O-O
9. Re1 h6 10. h3 d5 11. exd5 exd5 12. Ba2 Re8 13. Bf4 Be6 14. Qd2 Nb4 15. Ne5
Nxa2 16. Nxa2 Bd6 17. Nc3 Qc7 18. d4 cxd4 19. Qxd4 Rad8 20. Nd3 Bxf4 21. Nxf4
Bf5 22. Rxe8+ Nxe8 23. Rc1 Nf6 24. Nfxd5 Nxd5 25. Nxd5 Qd7 26. c4 Be6 27. Rd1
Bxd5 28. cxd5 Kf8 29. a5 Qd6 30. b4 1-0

[Event "AUTO-OPEN-3617"]
[Site "http://www.queenalice.com/game.php?id=1410700"]
[Date "2016.2.23"]
[Round "1"]
[White "churrasca"]
[Black "Mariahi"]
[Result "0-1"]
[WhiteElo "2057"]
[BlackElo "2182"]

1. e4 d6 2. d4 Nf6 3. Nc3 g6 4. f4 Bg7 5. Nf3 O-O 6. a3 c5 7. dxc5 dxc5 8. Qe2
Nc6 9. e5 Nd5 10. Nxd5 Qxd5 11. Be3 Rd8 12. c3 Bg4 13. Rd1 Bxf3 14. Qxf3 Qxf3
15. gxf3 b6 16. Bb5 Rxd1+ 17. Kxd1 Na5 18. Kc2 Rd8 19. Rd1 Rxd1 20. Kxd1 f6 21.
b4 cxb4 22. axb4 Nb7 23. Kd2 fxe5 24. fxe5 Bxe5 25. f4 Bd6 0-1

[Event "AUTO-OPEN-3617"]
[Site "http://www.queenalice.com/game.php?id=1410701"]
[Date "2016.2.23"]
[Round "1"]
[White "Mariahi"]
[Black "churrasca"]
[Result "1-0"]
[WhiteElo "2173"]
[BlackElo "2069"]

1. f4 d5 2. Nf3 Nf6 3. e3 Bf5 4. b3 e6 5. Bb2 Be7 6. Be2 O-O 7. O-O Nc6 8. Bb5
Nb4 9. Ne1 a6 10. Bd3 Nxd3 11. Nxd3 c5 12. Ne5 Rc8 13. d3 Nd7 14. Nd2 Nxe5 15.
Bxe5 f6 16. Bb2 b5 17. Qe2 c4 18. Nf3 Bg6 19. dxc4 dxc4 20. Nd4 cxb3 21. cxb3 e5
22. Ne6 Qe8 23. Nxf8 Qxf8 24. fxe5 Rc2 25. Qd1 1-0

[Event "AUTO-OPEN-3617"]
[Site "http://www.queenalice.com/game.php?id=1410702"]
[Date "2016.2.23"]
[Round "1"]
[White "churrasca"]
[Black "clovis"]
[Result "0-1"]
[WhiteElo "2087"]
[BlackElo "2044"]

1. e4 e5 2. Nf3 Nc6 3. Bb5 f5 4. exf5 e4 5. Bxc6 dxc6 6. Ne5 Nf6 7. d4 Bxf5 8.
O-O Bd6 9. Nc3 Qe7 10. Bf4 O-O-O 11. Qe2 c5 12. Nb5 cxd4 13. Nxd6+ cxd6 14. Nc4
Qc7 15. Rfd1 h6 16. Rxd4 Ne8 17. Rad1 g5 18. Bg3 h5 19. h3 h4 20. Bxd6 Nxd6 21.
Nxd6+ Rxd6 22. Rxd6 Rg8 23. Qd2 g4 24. hxg4 Bxg4 25. Re1 Bf3 26. Kh1 Rxg2 27. c4
Rxf2+ 28. Kg1 Rxd2 29. Rxd2 Qg3+ 30. Kf1 h3 0-1

[Event "AUTO-OPEN-3617"]
[Site "http://www.queenalice.com/game.php?id=1410703"]
[Date "2016.2.23"]
[Round "1"]
[White "clovis"]
[Black "churrasca"]
[Result "0-1"]
[WhiteElo "1949"]
[BlackElo "2101"]

1. e4 c5 2. Nf3 d6 3. d4 cxd4 4. Qxd4 Nc6 5. Bb5 Bd7 6. Qd3 Nf6 7. O-O e6 8. Nc3
Be7 9. Bf4 a6 10. Ba4 O-O 11. Bxd6 Bxd6 12. Qxd6 Qb6 13. e5 Ng4 14. Qxd7 Ngxe5
15. Bxc6 Nxd7 16. Bxd7 Qxb2 17. Ne2 Qxc2 18. Ned4 Qc3 19. Rac1 Qb2 20. Rc2 Qb6
21. Rfc1 Rad8 22. Rc7 Qb2 23. Bxe6 fxe6 24. Nxe6 b5 25. Rxg7+ Kh8 26. Re1 Rde8
27. Nfg5 Qxg7 0-1

[Event "AUTO-MASTER-2433"]
[Site "http://www.queenalice.com/game.php?id=1410834"]
[Date "2016.2.24"]
[Round "1"]
[White "churrasca"]
[Black "Sacapiece"]
[Result "0-1"]
[WhiteElo "2097"]
[BlackElo "2244"]

1. e4 c5 2. Nf3 d6 3. d4 cxd4 4. Nxd4 Nf6 5. Nc3 g6 6. Be3 Bg7 7. Qd2 Nc6 8.
O-O-O Ng4 9. Bg5 Nxd4 10. h3 Nxf2 11. Qxf2 Qb6 12. Be3 e5 13. Bc4 O-O 14. Nd5
Qc5 15. Bd3 Be6 16. c3 Bxd5 17. exd5 Bh6 18. Bxh6 Nb3+ 19. axb3 Qxf2 20. Be4
Rfc8 21. Rd2 Qb6 22. Rf1 f5 23. Bf3 Qxb3 24. g4 f4 25. Rc2 a5 26. Rd2 a4 27.
Rff2 a3 0-1

[Event "AUTO-MASTER-2433"]
[Site "http://www.queenalice.com/game.php?id=1410835"]
[Date "2016.2.24"]
[Round "1"]
[White "Sacapiece"]
[Black "churrasca"]
[Result "1-0"]
[WhiteElo "2263"]
[BlackElo "2108"]

1. e4 c5 2. Nf3 d6 3. d4 cxd4 4. Nxd4 Nf6 5. Nc3 g6 6. Be3 Bg7 7. f3 O-O 8. Qd2
Nc6 9. O-O-O Bd7 10. g4 Rc8 11. h4 Ne5 12. h5 Nc4 13. Bxc4 Rxc4 14. hxg6 fxg6
15. e5 dxe5 16. Ne6 Qc8 17. Nxf8 Kxf8 18. g5 Bf5 19. gxf6 exf6 20. Rxh7 Qc6 21.
Qd8+ Kf7 22. Bh6 Rxc3 23. Rxg7+ Ke6 24. Qg8# 1-0

[Event "AUTO-MASTER-2433"]
[Site "http://www.queenalice.com/game.php?id=1410838"]
[Date "2016.2.24"]
[Round "1"]
[White "churrasca"]
[Black "Mariahi"]
[Result "0-1"]
[WhiteElo "2108"]
[BlackElo "2172"]

1. e4 d6 2. d4 Nf6 3. Nc3 g6 4. f4 Bg7 5. Nf3 O-O 6. Bd3 c5 7. dxc5 dxc5 8. O-O
Qb6 9. Kh1 Rd8 10. Qe2 Nc6 11. e5 Nd5 12. Nxd5 Rxd5 13. c4 Rd8 14. f5 Nb4 15.
fxg6 fxg6 16. Be4 Bg4 17. h3 Bxf3 18. Qxf3 Rf8 19. Qe2 Bxe5 20. Be3 Bc7 21. a3
Qd6 22. axb4 Qh2# 0-1

[Event "AUTO-MASTER-2433"]
[Site "http://www.queenalice.com/game.php?id=1410839"]
[Date "2016.2.24"]
[Round "1"]
[White "Mariahi"]
[Black "churrasca"]
[Result "1-0"]
[WhiteElo "2190"]
[BlackElo "2046"]

1. f4 d5 2. Nf3 Nf6 3. e3 c5 4. b3 e6 5. Bb2 Be7 6. Bb5+ Bd7 7. Qe2 Nc6 8. O-O
O-O 9. d3 a6 10. Bxc6 Bxc6 11. Ne5 Be8 12. Nd2 Nd7 13. Nxd7 Bxd7 14. e4 d4 15.
Qh5 b5 16. Rf3 h6 17. Rg3 Bf6 18. Nf3 Kh7 19. Ng5+ Bxg5 20. fxg5 Be8 21. gxh6
gxh6 22. Bc1 Qf6 23. Qxc5 Bd7 24. Bxh6 Qxh6 25. Rh3 1-0